| 000 | 00355pab a2200145 454500 | ||
|---|---|---|---|
| 008 | 180718b2005 xxu||||| |||| 00| 0 eng d | ||
| 100 | _aMazumdar, Arijit | ||
| 245 | _aBhutan's military action against Indian insurgents | ||
| 260 | _c2005 | ||
| 300 | _ap.566-80. | ||
| 362 | _aJul-Aug | ||
| 650 | _aTerrorism | ||
| 773 | _aAsian Survey | ||
| 909 | _a67106 | ||
| 999 |
_c67106 _d67106 |
||